| 000 | 00638 am a2200229 4500 | ||
|---|---|---|---|
| 001 | 200467016 | ||
| 003 | TR-AnU | ||
| 005 | 20260212121501.0 | ||
| 008 | 030207s1969 tur tur d | ||
| 040 | _cTR-AnTOB | ||
| 041 | _atur | ||
| 099 | _aWI 102 ÖZE 1969 | ||
| 100 | 1 |
_aÖzer, Fikri _d1912- |
|
| 245 | 1 | 0 |
_aSindirim fizyolojisi/ _cFikri Özer. |
| 260 |
_aAnkara: _bAnkara Ü Tıp Fakültesi, _c1969 |
||
| 300 |
_aVIII, 116 s : _bşkl ; _c23 cm |
||
| 440 |
_aAnkara Ü Tıp Fak Yayınları; _vsayı:224 |
||
| 650 | _aDifestion--physiolofy | ||
| 942 |
_2NLM _cBK |
||
| 999 |
_c200467016 _d85228 |
||